| 000 | 00377nam a2200145 a 4500 | ||
|---|---|---|---|
| 001 | 2050 | ||
| 003 | CDMR | ||
| 005 | 20130116135223.0 | ||
| 008 | 130130s1974||||||||||||||||||||||||||||d | ||
| 040 |
_aCDMR _bcat _cCDMR |
||
| 100 | 1 |
_aAlamo Sosa, José Alberto _91525 |
|
| 245 | 1 | 3 |
_aLa hemeroteca del "Museo Canario" _cJosé Alberto Alamo Sosa |
| 260 |
_aBarcelona _c1974 |
||
| 942 | _cTSN | ||
| 999 |
_c2050 _d2050 |
||